| 000 | 00430nam a2200169Ia 4500 | ||
|---|---|---|---|
| 001 | 67398 | ||
| 008 | 150604s9999 xx 000 0 und d | ||
| 020 | _a9789694963310 | ||
| 040 | _cPK-LaUMT | ||
| 082 |
_a 954.0317 _bAMR- |
||
| 100 | _aMubarik Ali | ||
| 245 |
_aAmroz (Urdu) _bjang-e-azadi (1857) number _cMubarik Ali |
||
| 260 |
_aLahore,Pakistan: _bDogar Publishers, _c2009 |
||
| 300 | _a216 p. | ||
| 546 | _aUR | ||
| 942 | _cBK | ||
| 999 |
_c72774 _d72774 |
||